A-A journalists help build the world anew; (Record no. 89301)
[ view plain ]
| 000 -LEADER | |
|---|---|
| fixed length control field | 00788cam a2200217 4500 |
| 001 - CONTROL NUMBER | |
| control field | sa 68020220 |
| 003 - CONTROL NUMBER IDENTIFIER | |
| control field | DLC |
| 005 - DATE AND TIME OF LATEST TRANSACTION | |
| control field | 20260227112722.0 |
| 008 - FIXED-LENGTH DATA ELEMENTS--GENERAL INFORMATION | |
| fixed length control field | 730918s1965 io 010 0 eng |
| 010 ## - LIBRARY OF CONGRESS CONTROL NUMBER | |
| LC control number | sa 68020220 |
| 025 ## - OVERSEAS ACQUISITION NUMBER | |
| Overseas acquisition number | PL480:Indo-5081 |
| 040 ## - CATALOGING SOURCE | |
| Original cataloging agency | DLC |
| Transcribing agency | DLC |
| Modifying agency | DLC |
| 043 ## - GEOGRAPHIC AREA CODE | |
| Geographic area code | a------ |
| -- | f------ |
| 050 00 - LIBRARY OF CONGRESS CALL NUMBER | |
| Classification number | PN5360 |
| Item number | .A215 |
| 100 0# - MAIN ENTRY--PERSONAL NAME | |
| Personal name | Achmadi. |
| 245 00 - TITLE STATEMENT | |
| Title | A-A journalists help build the world anew; |
| Remainder of title | message on the occasion of the second anniversary of the Afro-Asian Journalists Conference, Djakarta, April 21, 1965. |
| 246 3# - VARYING FORM OF TITLE | |
| Title proper/short title | Afro-Asian journalists help build the world anew |
| 260 ## - PUBLICATION, DISTRIBUTION, ETC. | |
| Place of publication, distribution, etc. | [Djakarta] |
| Name of publisher, distributor, etc. | Executive Command Tenth Anniversary First Asian-African Conference |
| Date of publication, distribution, etc. | [1965] |
| 300 ## - PHYSICAL DESCRIPTION | |
| Extent | 6 p. |
| Dimensions | 23 cm. |
| 610 20 - SUBJECT ADDED ENTRY--CORPORATE NAME | |
| Corporate name or jurisdiction name as entry element | Asian-African Journalists' Association. |
No items available.